Представление документа в формате MARC21

Поле Инд. ПП Название Значение
Тип записи a
Библиографический уровень m
001 Контрольный номер RU/IS/BASE/386949009
005 Дата корректировки 20140703202508.5
040 a Служба первич. каталог. НБ ТвГУ
b Код языка каталог. rus
e Правила каталог. PSBO
041 0_ a Код языка текста rus
080 a Индекс УДК 811.111'42(043.3)
084 a Индекс другой классификации/Индекс ББК Ш143.21-7я031
084 a Индекс другой классификации/Индекс ББК Ш143.21-3я031
084 a Индекс другой классификации/Индекс ББК Ш100.122я031
090 a Полочн. индекс Ш143.21
x Авторский знак Т 41
100 1_ a Автор Тимошевская Татьяна Афанасьевна
q Полное имя Тимошевская Т. А.
245 10 a Заглавие Национально-культурные особенности функционирования концепта "ВЕРА" (на материале русского и английского языков)
b Продолж. заглавия автореф. дис. ... к.ф.н. : 10.02.19
c Ответственность ФГОУ ВПО "Кубан. гос. ун-т"
260 a Место издания Ставрополь
b Издательство Ставропольский государственный университет
c Дата издания 2012
300 a Объем 23 с.
500 a Примечание На правах рукоп.
504 a Библиография Библиогр. в конце кн. (6 назв.)
653 a Ключевые слова Авторефераты
a Ключевые слова Английский язык
a Ключевые слова Концепт "вера"
a Ключевые слова Лексикология
a Ключевые слова Лингвокультурология
a Ключевые слова Лингвостилистический анализ
a Ключевые слова Русский язык
a Ключевые слова Стилистика
a Ключевые слова Языкознание
901 t Тип документа m
920 a Оператор Густ
930 a Новая/Ретро авторефераты
952 c Вид литературы А/Р н
954 a Дата поступления на обработку 20120529